000 00304nmm a2200097Ia 4500
008 220120s9999||||xx |||||||||||||||||und||
082 _a005.133 COM
100 _aComdex training kit
_910920
245 0 _aFundamentals of progreamming C++, java visual basic .net
260 _aVikas publishers
_bNew Delhi
_c2001
999 _c138902
_d138902